[Event "OP-2014-0-03457"]
[Site "LSS email"]
[Date "2014.08.04"]
[Round "?"]
[White "O'Brien, Glenn"]
[Black "Maques, Antuan"]
[Result "0-1"]
[WhiteElo "1316"]
[BlackElo "1200"]
[PlyCount "86"]
[EventDate "2014.07.29"]
[EventType "tourn (corr)"]
[EventRounds "4"]
[EventCountry "GER"]
[SourceTitle "Corr 2015"]
[Source "ChessBase"]
[SourceDate "2015.07.17"]
[SourceVersion "1"]
[SourceVersionDate "2015.07.17"]
[SourceQuality "1"]

1. e4 e5 2. Nf3 Nc6 3. Bb5 a6 4. Ba4 Nf6 5. 0-0 Bc5 6. c3 0-0 7. d4 Ba7 8. Bg5 h6 9. Bh4 exd4 10. Qc1 d6 11. Bxc6 bxc6 12. cxd4 g5 13. Nxg5 hxg5 14. Qxg5+ Kh7 15. Rd1 Rb8 16. Qxf6 Qxf6 17. Bxf6 Re8 18. Nc3 Rxb2 19. Rd3 Be6 20. a3 Bc4 21. Rf3 Kg6 22. Rc1 Rb3 23. a4 Reb8 24. Rd1 d5 25. Be5 dxe4 26. Rf6+ Kh7 27. d5 e3 28. fxe3 Re8 29. Rxf7+ Kg8 30. Rg7+ Kf8 31. Bf6 cxd5 32. Rxc7 Bxe3+ 33. Kh1 Bd2 34. Nb1 Re1+ 35. Rxe1 Bxe1 36. Be7+ Ke8 37. Na3 Ba5 38. Ra7 Re3 39. g3 Rxe7 40. Nxc4 dxc4 41. Rxa6 c3 42. Ra8+ Bd8 43. Rc8 Rc7 0-1